Macht und Medien : eine medienwissenschaftliche Adaptationsanalyse von Shakespeares "Richard III" /

Bibliographic Details
Main Author: Kind, Joachim, 1957-
Format: Book
Language:German
Published: Frankfurt am Main ; New York : P. Lang, [1997]
Series:Europäische Hochschulschriften. Kommunikationswissenschaft und Publizistik ; Bd. 64.
Subjects:

MARC

Tag First Indicator Second Indicator Subfields
LEADER 00000cam a2200000 a 4500
001 in00001452221
005 20151020161449.0
008 971009s1997 gw a b 000 0 ger
010 |a  97204843  
020 |a 3631319320 
035 |a (OCoLC)39313370 
035 |9 AJC1611AM 
040 |a DLC  |c DLC  |d OHX  |d TXA  |d UtOrBLW 
049 |a TXAM 
050 0 0 |a PR2821  |b .K56 1997 
072 7 |a PN  |2 lcco 
082 0 0 |a 822.3/3  |2 21 
100 1 |a Kind, Joachim,  |d 1957- 
245 1 0 |a Macht und Medien :  |b eine medienwissenschaftliche Adaptationsanalyse von Shakespeares "Richard III" /  |c Joachim Kind. 
264 1 |a Frankfurt am Main ;  |a New York :  |b P. Lang,  |c [1997] 
264 4 |c ©1997 
300 |a 326 pages :  |b illustrations ;  |c 21 cm. +  |e 2 microfiche in pocket. 
336 |a text  |b txt  |2 rdacontent 
337 |a unmediated  |b n  |2 rdamedia 
338 |a volume  |b nc  |2 rdacarrier 
490 1 |a Europäische Hochschulschriften. Reihe XL, Kommunikationswissenschaft und Publizistik,  |x 0176-3725 ;  |v Bd. 64 =  |a Publications universitaires européennes. Série XL, Media et journalisme ;  |v vol. 64 =  |a European university studies. Series XL, Communications ;  |v vol. 64 
500 |a Originally presented as the author's thesis (doctoral)--Universität Trier, 1994. 
504 |a Includes bibliographical references (pages 309-326). 
600 1 0 |a Shakespeare, William,  |d 1564-1616.  |t King Richard III. 
600 0 0 |a Richard  |b III,  |c King of England,  |d 1452-1485  |x In literature. 
650 0 |a Kings and rulers in literature. 
830 0 |a Europäische Hochschulschriften.  |n Reihe XL,  |p Kommunikationswissenschaft und Publizistik ;  |v Bd. 64. 
948 |a c:ktn 
999 |a MARS 
999 f f |s 2f636243-adec-3c4f-9360-b11cfbf96937  |i 6babcf9b-ffce-36e1-a95d-03c47eb1610a  |t 0 
952 f f |p ric  |a Texas A&M University  |b Rellis Campus  |c Joint Library Facility  |d Remote Storage  |t 0  |e PR2821 .K56 1997  |h Library of Congress classification  |i unmediated -- volume  |m A14822325562 
998 f f |a PR2821 .K56 1997  |t 0  |l Remote Storage